00397nam a2200145Ia 4500008004100000020001500041041001200056082001600068100001600084245007700100260004000177300000800217650000800225700001800233221030s9999 xx 000 0 und d a812970028X aEnglish a105.23bCro aL. Cromwell 0aBiomedical Instrumentation & measurementscby L. Cromwell, J. F. Weibell bPearson EducationaNew Delhic2003 a510 aECE aJ. F. Weibell